Magyar vállalatok és a világgazdaság több dimenzióju stratégia és taktika

Gespeichert in:
Bibliographische Detailangaben
Weitere Verfasser: Bojkó, Béla
Format: Buch
Sprache:Ungarisch
Veröffentlicht: Budapest Világgazdasági kutató intézet 1980
Tags: Tag hinzufügen
Keine Tags, Fügen Sie das erste Tag hinzu!

MARC

LEADER 00000nam a2200000 4500
001 c137848
005 20041019155311.2
041 0 |a hun 
044 |a HU 
245 1 0 |a Magyar vállalatok és a világgazdaság  |b több dimenzióju stratégia és taktika  |c Szerkesztette Béla Bojkó 
264 1 |a Budapest  |b Világgazdasági kutató intézet  |c 1980 
300 |a 150 s. 
700 1 |a Bojkó, Béla